000 00414nam a22001697a 4500
005 20180801160249.0
008 160618b xxu||||| |||| 00| 0 eng d
020 _a0-07-462264-1
041 _aeng
082 _b8166
_a658.3
100 _aMonappa, Arun and Saiyadain, Merza S
_94684
245 _aPersonal Management
260 _bTMH
_c2004
_adelhi
300 _a400p,
650 _aManagement
_9241
942 _cBK
999 _c3120
_d3119